<?xml version="1.0" encoding="UTF-8"?><?xml-stylesheet type="text/xsl" href="static/style.xsl"?><OAI-PMH xmlns="http://www.openarchives.org/OAI/2.0/" xmlns:xsi="http://www.w3.org/2001/XMLSchema-instance" xsi:schemaLocation="http://www.openarchives.org/OAI/2.0/ http://www.openarchives.org/OAI/2.0/OAI-PMH.xsd"><responseDate>2026-04-18T00:13:40Z</responseDate><request verb="GetRecord" identifier="oai:www.recercat.cat:10230/59288" metadataPrefix="marc">https://recercat.cat/oai/request</request><GetRecord><record><header><identifier>oai:recercat.cat:10230/59288</identifier><datestamp>2025-12-26T11:29:42Z</datestamp><setSpec>com_2072_6</setSpec><setSpec>col_2072_452952</setSpec></header><metadata><record xmlns="http://www.loc.gov/MARC21/slim" xmlns:dcterms="http://purl.org/dc/terms/" xmlns:xsi="http://www.w3.org/2001/XMLSchema-instance" xmlns:doc="http://www.lyncode.com/xoai" xsi:schemaLocation="http://www.loc.gov/MARC21/slim http://www.loc.gov/standards/marcxml/schema/MARC21slim.xsd">
   <leader>00925njm 22002777a 4500</leader>
   <datafield ind2=" " ind1=" " tag="042">
      <subfield code="a">dc</subfield>
   </datafield>
   <datafield ind2=" " ind1=" " tag="720">
      <subfield code="a">Herrerías Castro, Laura</subfield>
      <subfield code="e">author</subfield>
   </datafield>
   <datafield ind2=" " ind1=" " tag="260">
      <subfield code="c">2024-02-28T12:09:25Z</subfield>
   </datafield>
   <datafield ind2=" " ind1=" " tag="260">
      <subfield code="c">2024-02-28T12:09:25Z</subfield>
   </datafield>
   <datafield ind2=" " ind1=" " tag="260">
      <subfield code="c">2024</subfield>
   </datafield>
   <datafield ind2=" " ind1=" " tag="260">
      <subfield code="c">2024-02-28T12:09:25Z</subfield>
   </datafield>
   <datafield ind2=" " ind1=" " tag="520">
      <subfield code="a">La Ley Orgánica 1/1982, de 5 de mayo, de protección civil del derecho al honor, a la intimidad personal y familiar y a la propia imagen, dota de recursos jurídicos a las personas perjudicadas por, entre otros supuestos, difamaciones tanto en entornos analógicos como en línea. Una de las principales cuestiones que plantea el uso de internet en la protección del derecho al honor es la determinación de los sujetos responsables. Por lo general, cuando se comete una intromisión ilegítima en línea hay tres partes implicadas: el perjudicado, el autor y el intermediario en línea, típicamente plataformas de redes sociales. Hay que tener presente que las plataformas en línea pueden beneficiarse del régimen de exoneración condicionada de responsabilidad previsto en el artículo 6.1 del Reglamento de Servicios Digitales. También son relevantes las acciones de otros usuarios que contribuyen a aumentar el impacto de las intromisiones mediante el uso de herramientas técnicas como la función «me gusta», «compartir» o «comentar». El presente trabajo tiene por objeto determinar en qué supuestos los operadores de plataformas de redes sociales son responsables por alojar contenidos difamatorios y si los usuarios que interactúan con los mismos pueden, junto con el autor, ser considerados civilmente responsables.</subfield>
   </datafield>
   <datafield ind2=" " ind1=" " tag="520">
      <subfield code="a">Miembro del Grup de Recerca Consolidat en Dret Patrimonial de la UPF (2021 SGR 00946); del proyecto nacional Responsabilidad contractual y extracontractual de las plataformas en  línea  (PID2021‐126354OB-I00/MICIN/AEI/10.13039/501100011033/FEDER);  y  del  proyecto  de  la  UE  Justice, fundamental rights and Artificial Intelligence (101046631, JUST-2021-JTRA).</subfield>
   </datafield>
   <datafield tag="653" ind2=" " ind1=" ">
      <subfield code="a">Redes sociales</subfield>
   </datafield>
   <datafield tag="653" ind2=" " ind1=" ">
      <subfield code="a">Usuarios</subfield>
   </datafield>
   <datafield tag="653" ind2=" " ind1=" ">
      <subfield code="a">Difamación</subfield>
   </datafield>
   <datafield tag="653" ind2=" " ind1=" ">
      <subfield code="a">Honor</subfield>
   </datafield>
   <datafield tag="653" ind2=" " ind1=" ">
      <subfield code="a">Reglamento de servicios digitales</subfield>
   </datafield>
   <datafield ind2="0" ind1="0" tag="245">
      <subfield code="a">¿Matar al mensajero? La responsabilidad de las redes sociales y los usuarios por difamación</subfield>
   </datafield>
   <datafield ind2="0" ind1="0" tag="245">
      <subfield code="a">Killing the messenger? Social media and user responsibility for defamation</subfield>
   </datafield>
</record></metadata></record></GetRecord></OAI-PMH>